000053536 001__ 53536
000053536 005__ 20250827141347.0
000053536 041__ $$aeng
000053536 0881_ $$aGSI Report 1996-1
000053536 088__ $$2GSI$$aGSI Report 1996-1
000053536 1001_ $$0P:(DE-Ds200)BUDP1-0357$$aGrundinger, Ursula$$b0$$eEditor$$ugsi
000053536 245__ $$aGSI Scientific Report 1995 [GSI Report 1996-1]
000053536 260__ $$aDarmstadt$$bGSI$$c1996
000053536 300__ $$a252 p.
000053536 3367_ $$0PUB:(DE-HGF)3$$2PUB:(DE-HGF)$$aBook$$bbook$$mbook$$s1369844369_7212
000053536 3367_ $$2DRIVER$$abook
000053536 3367_ $$2BibTeX$$aBOOK
000053536 3367_ $$01$$2EndNote$$aBook
000053536 3367_ $$0PUB:(DE-HGF)15$$2PUB:(DE-HGF)$$aInternal Report$$mintrep
000053536 4900_ $$aGSI Report$$v1996-1$$x0171-4546
000053536 4900_ $$aGSI Scientific Report$$v1995$$x0174-0814
000053536 500__ $$aWissenschaftlicher Ergebnisbericht der GSI, GSI Annual Report
000053536 8564_ $$uhttps://repository.gsi.de/record/53536/files/GSI-Report-1996-1.pdf$$yOpenAccess
000053536 8527_ $$2DE-Ds200$$aGSI/FAIR Library$$bMonography$$cGSI 1995$$h-$$p00029902$$t1
000053536 8527_ $$2DE-Ds200$$aGSI/FAIR Library$$bMain$$cReport 1996-1$$hReport$$p00029933$$t2
000053536 8527_ $$2DE-Ds200$$aGSI/FAIR Library$$bMain$$cReport 1996-1$$hReport$$p00049511$$t3
000053536 8767_ $$2DE-Ds200$$aGSI/FAIR Library$$d1900-01-01$$eUnknown$$h4 weeks$$javailable$$p00029902$$t1
000053536 8767_ $$2DE-Ds200$$aGSI/FAIR Library$$d1900-01-01$$eUnknown$$hnot for loan$$javailable$$p00029933$$t2
000053536 8767_ $$2DE-Ds200$$aGSI/FAIR Library$$d2022-06-13$$eUnknown$$hnot for loan$$javailable$$p00049511$$t3
000053536 909CO $$ooai:repository.gsi.de:53536$$pdnbdelivery$$pdriver$$pVDB$$popen_access$$popenaire$$qec_fundedresources
000053536 9141_ $$y1996
000053536 915__ $$0StatID:(DE-HGF)0510$$2StatID$$aOpenAccess
000053536 9101_ $$0I:(DE-Ds200)20121206GSI$$6P:(DE-Ds200)OR0387$$aGSI Helmholtzzentrum für Schwerionenforschung GmbH$$b0$$kGSI
000053536 9131_ $$0G:(DE-HGF)POF2-533$$1G:(DE-HGF)POF2-530$$2G:(DE-HGF)POF2-500$$3G:(DE-HGF)POF2$$4G:(DE-HGF)POF$$aDE-HGF$$bStruktur der Materie$$lPhysik der Hadronen und Kerne$$vExotic Nuclei and Nuclear Astrophysics (ENNA)$$x0
000053536 920__ $$lyes
000053536 9201_ $$0I:(DE-Ds200)BUD-20051214OR030$$kBUD$$lBibliothek & Dokumentation$$x0
000053536 9201_ $$0I:(DE-Ds200)RED-20051214OR019$$kRED$$lForschung FAIR & GSI$$x1
000053536 9801_ $$aFullTexts
000053536 9801_ $$aGSIasPublisher
000053536 9801_ $$aGSI Report
000053536 9801_ $$aGSI Scientific Report
000053536 980__ $$abook
000053536 980__ $$aVDB
000053536 980__ $$aUNRESTRICTED
000053536 980__ $$aintrep
000053536 980__ $$aI:(DE-Ds200)20120319OR030
000053536 980__ $$aI:(DE-Ds200)BUD-20051214OR030
000053536 980__ $$aI:(DE-Ds200)20120123OR019
000053536 980__ $$aI:(DE-Ds200)RED-20051214OR019
000053536 980__ $$aGSI Scientific Report 1995
000053536 980__ $$aGSI Scientific Report
000053536 980__ $$aGSI Report
000053536 980__ $$aGSI Report 1995
000053536 980__ $$aGSIasPublisher
000053536 980__ $$aFullTexts
000053536 9801_ $$aOPAC